000 00584nam a22002297a 4500
003 UA-OsUOA
001 66394
007 ta
008 20091228b un ||||| |||| 00| 0 ukr d
100 _aСеманюк Н.
090 _a82.09(477)
_bС30
942 _cBK
040 _aUA-OsUOA
_bukr
_cUA-OsUOA
_dUA-OsUOA
245 _aСпівець Гуцульщини
300 _a98 с.
955 _a2
041 _aukr
080 _a82.09(477)
260 _aУжгород
_c1970
650 7 _a82 Література. Літературознавство
_2UDC
999 _c352237
_d352237